000 00274nam a2200121Ia 4500
008 190216s9999||||xx |||||||||||||| ||und||
100 _aRagavan Punnasseri
245 0 _aShidilamanangal
260 _bPoorna Pubs Kozhikode
300 _a181
650 _aNovel
942 _cBK
999 _c27161
_d27161